000 00458nam a2200157Ia 4500
008 151021s9999 xx 000 0 und d
020 _a1855857812
050 _aTR 267.B38 2000
245 _a_Digital Photography a no-nonsense,jargon-free guide for beginners
260 _aLondon Collins&Brown 2000
300 _a160p;ill.
500 _aIncludes index
500 _aIncludes index
650 _a_photography
980 _a^d20120816 03:58:24^oanne
999 _c12455
_d12455